Stories lives tell : (Record no. 265726)
[ view plain ]
| 000 -LEADER | |
|---|---|
| fixed length control field | 01325cam a2200373 a 4500 |
| 001 - CONTROL NUMBER | |
| control field | 3890314 |
| 003 - CONTROL NUMBER IDENTIFIER | |
| control field | OSt |
| 005 - DATE AND TIME OF LATEST TRANSACTION | |
| control field | 20260121114613.0 |
| 008 - FIXED-LENGTH DATA ELEMENTS--GENERAL INFORMATION | |
| fixed length control field | 900905s1991 nyu b 001 0 eng |
| 010 ## - LIBRARY OF CONGRESS CONTROL NUMBER | |
| LC control number | 90048120 |
| 020 ## - INTERNATIONAL STANDARD BOOK NUMBER | |
| International Standard Book Number | 0807730718 |
| Qualifying information | alk. paper |
| International Standard Book Number | 080773070X |
| Qualifying information | pbk. : alk. paper |
| International Standard Book Number | 9780807730713 |
| Qualifying information | (alk. paper) |
| 035 ## - SYSTEM CONTROL NUMBER | |
| System control number | 3890314 |
| 040 ## - CATALOGING SOURCE | |
| Original cataloging agency | DLC |
| Transcribing agency | DLC |
| Modifying agency | DLC |
| 050 00 - LIBRARY OF CONGRESS CALL NUMBER | |
| Classification number | LB1027.3 |
| Item number | .S76 1991 |
| 082 00 - DEWEY DECIMAL CLASSIFICATION NUMBER | |
| Classification number | 807 |
| Edition number | 20 |
| 245 00 - TITLE STATEMENT | |
| Title | Stories lives tell : |
| Remainder of title | narrative and dialogue in education / |
| Statement of responsibility, etc | edited by Carol Witherell & Nel Noddings ; foreword by Maxine Greene. |
| 260 ## - PUBLICATION, DISTRIBUTION, ETC. (IMPRINT) | |
| Place of publication, distribution, etc | New York : |
| Name of publisher, distributor, etc | Teachers College Press, |
| Date of publication, distribution, etc | c1991. |
| 300 ## - PHYSICAL DESCRIPTION | |
| Extent | xii, 290 p. ; |
| Dimensions | 24 cm. |
| 336 ## - CONTENT TYPE | |
| Content type term | text |
| Content type code | txt |
| Source | rdacontent |
| 337 ## - MEDIA TYPE | |
| Media type term | unmediated |
| Media type code | n |
| Source | rdamedia |
| 338 ## - CARRIER TYPE | |
| Carrier type term | volume |
| Carrier type code | nc |
| Source | rdacarrier |
| 504 ## - BIBLIOGRAPHY, ETC. NOTE | |
| Bibliography, etc | Includes bibliographical references and index. |
| 650 #0 - SUBJECT ADDED ENTRY--TOPICAL TERM | |
| Topical term or geographic name as entry element | Teaching. |
| Topical term or geographic name as entry element | Education |
| General subdivision | Experimental methods. |
| Topical term or geographic name as entry element | Narration (Rhetoric) |
| 700 1# - ADDED ENTRY--PERSONAL NAME | |
| Personal name | Witherell, Carol. |
| Personal name | Noddings, Nel. |
| 906 ## - LOCAL DATA ELEMENT F, LDF (RLIN) | |
| a | 7 |
| b | cbc |
| c | orignew |
| d | 1 |
| e | ocip |
| f | 19 |
| g | y-gencatlg |
| 942 ## - ADDED ENTRY ELEMENTS (KOHA) | |
| Source of classification or shelving scheme | Library of Congress Classification |
| Koha item type | Long Loan Books |
| Withdrawn status | Lost status | Source of classification or shelving scheme | Damaged status | Not for loan | Collection code | Home library | Current library | Date acquired | Source of acquisition | Total Checkouts | Full call number | Barcode | Date last seen | Price effective from | Koha item type |
|---|---|---|---|---|---|---|---|---|---|---|---|---|---|---|---|
| Library of Congress Classification | Non-fiction | Rongo University Library | Rongo University Library | 21/01/2026 | Books for Africa, Donation | LB1027.3 .S76 1991 | 20260897 | 21/01/2026 | 21/01/2026 | Long Loan Books |
